000 01565nam a2200325 i 4500
001 42835
003 gtgccic
005 20260304152502.0
007 ta
008 260304| gt ||||| |||| 00| 0 spa d
040 _agtgccic
_bspa
_cgtgccic
_erda
084 _0C-88-2780
100 1 0 _aGálvez Aqueche, Iván
_d1988
_eAutor
245 1 0 _aPropiedades físico-mecánicas de la madera de tres especies forestales del norte de Guatemala /
_cIván Gálvez Aqueche
264 1 _aGuatemala, Guatemala :
_bFacultad de Ingeniería, Universidad de San Carlos de Guatemala,
_c1988.
300 _a58 páginas :
_bIlustraciones,
_c27 cm
336 _2rdacontenido
_aTexto
_btxt
337 _2rdamedio
_asin mediación
_bn
338 _2rdasoporte
_avolumen
_bnc
502 _aIngeniero Civil,
_bTesis de grado,
_cUSAC,
_d1988.
_oC19882780
504 _aBibliografía páginas 49-50
520 3 _aEste trabajo presenta los resultados obtenidos del estudio de las propiedades físico mecánicas de tres especies maderables de Guatemala y que hasta hoy son casi desconocidas en lo que se refiere a su uso estructural a nivel nacional. Se hace una reseña respecto a estudios similares efectuados anteriormente en Guatemala, las razones por la cuales se debe continuar con el estudio de las propiedades de nuevas variedades de madera nacional.
546 _aEspañol
650 1 4 _aConstrucciones de madera
650 1 4 _aTrabajos en madera
650 1 4 _aArboles maderables
700 1 0 _aMorales González, Jorge Mario
_eAsesor
942 _0tes
_cTES
_kC19882780
_n0
945 _aMC
999 _c2695
_d2695